00373nam a2200145Ia 4500008004100000041000800041082001500049100001300064245003700077250001200114260002800126300002700154365001600181700003000197230718s9999 xx 000 0 und d aeng a511.3bLIU aLiu C.L. aElements Of Discrete Mathematics a3rd ed. c2008bTata Mc-Graw Hill a547dRef 355 G (33116) cRs.b250.00 aLiu C.L. & Mohapatra D.P.